[Event "XLIV Festival A"]
[Site "Imperia ITA"]
[Date "2002.09.07"]
[Round "8"]
[White "Faraci, Antonino"]
[Black "Campora Perez, Daniel"]
[WhiteElo "2087"]
[BlackElo "2136"]
[Result "0-1"]
[PlyCount "130"]
[EventDate "2002.09.01"]

1. c4 Nf6 2. Nc3 e6 3. d4 Bb4 4. e3 c5 5. a3 Bxc3+ 6. bxc3 d6 7. Bd3 Nc6 8. Nf3
O-O 9. e4 e5 10. d5 Na5 11. O-O b6 12. Bg5 h6 13. Bh4 Ba6 14. Nd2 g5 15. Bg3
Qd7 16. a4 Kg7 17. h3 Rh8 18. Qe2 Rag8 19. f3 Nh5 20. Bh2 Nf4 21. Bxf4 gxf4 22.
Kf2 Kf8 23. Ke1 Rg3 24. Kd1 Rhg8 25. Rf2 f6 26. Nf1 R3g6 27. Ra2 Kg7 28. Nd2
Kh7 29. Nb1 R8g7 30. Nd2 Qe8 31. Nb1 h5 32. Nd2 Bc8 33. Nb1 Bd7 34. Qc2 h4 35.
Bf1 Qg8 36. Ke1 Rg3 37. Na3 Bc8 38. Nb5 Qd8 39. Kd1 Rb7 40. Ke1 Qe7 41. Na3 Bd7
42. Nb1 Rb8 43. Nd2 Rbg8 44. Nb3 Nb7 45. a5 Nxa5 46. Nxa5 bxa5 47. Rxa5 Ra8 48.
Qb1 Bc8 49. Rb2 Rg7 50. Kd2 Kh6 51. Rab5 Qc7 52. Kd3 Qd8 53. Qe1 Kh5 54. Qf2 a5
55. Kc2 a4 56. Ra2 a3 57. Rb3 Rga7 58. Qe1 Bd7 59. Kd2 Rb8 60. Raxa3 Rxa3 61.
Rxa3 Rb2+ 62. Kd3 Bb5 63. Qa1 Bxc4+ 64. Kxc4 Qb6 65. Ra5 Qb3+ 0-1

[Event "XLIV Festival A"]
[Site "Imperia ITA"]
[Date "2002.09.07"]
[Round "8"]
[White "Gross, Stefan"]
[Black "Djingarova, Emilia"]
[WhiteElo "2351"]
[BlackElo "2292"]
[Result "1-0"]
[PlyCount "105"]
[EventDate "2002.09.01"]

1. e4 c5 2. Nf3 e6 3. d4 cxd4 4. Nxd4 Nc6 5. Nc3 Qc7 6. f4 Nxd4 7. Qxd4 a6 8.
Be3 b5 9. Bd3 Bb7 10. O-O-O Nf6 11. e5 Nd5 12. Nxd5 Bxd5 13. Be4 Rc8 14. Kb1
Bc5 15. Qxc5 Bxe4 16. Qxc7 Rxc7 17. Rd2 O-O 18. b4 Rfc8 19. Bc5 a5 20. a3 axb4
21. axb4 Ra8 22. Rhd1 Bd5 23. Rxd5 exd5 24. Rxd5 Ra6 25. g3 f6 26. Bd6 Rb7 27.
exf6 gxf6 28. f5 Rba7 29. Kc1 Rc6 30. Bc5 Rac7 31. c3 Kf7 32. Bd4 Rb7 33. Kd2
Ke7 34. Ke2 d6 35. g4 Rc8 36. h4 Kd7 37. Bxf6 Kc6 38. Rd2 Rf8 39. g5 Ra7 40.
Kf3 Rff7 41. Kg4 Ra1 42. Bd4 Re1 43. Rf2 Kd5 44. Rf4 Re2 45. Bf2 Rc2 46. Rd4+
Kc6 47. Bg3 d5 48. Rd3 Re2 49. h5 Rfe7 50. g6 hxg6 51. hxg6 R7e4+ 52. Kg5 Kd7
53. g7 1-0

[Event "XLIV Festival A"]
[Site "Imperia ITA"]
[Date "2002.09.07"]
[Round "8"]
[White "Jirovsky, Milos"]
[Black "Hrbolka, Ladislav jr"]
[WhiteElo "2464"]
[BlackElo "2242"]
[Result "1-0"]
[PlyCount "61"]
[EventDate "2002.09.01"]

1. Nf3 Nf6 2. c4 g6 3. g3 Bg7 4. Bg2 O-O 5. O-O d6 6. d4 Nc6 7. Nc3 a6 8. b3
Rb8 9. Nd5 Nh5 10. Bb2 e6 11. Nc3 b6 12. Qd2 Bb7 13. Rad1 h6 14. e4 Ne7 15. Qe2
Nf6 16. Rfe1 Nd7 17. Qc2 Re8 18. Re2 Nc6 19. a3 Nf8 20. d5 exd5 21. cxd5 Ne5
22. Nd4 Nfd7 23. h3 Nf6 24. f4 Ned7 25. Kh2 Rc8 26. e5 Nh7 27. Nc6 Bxc6 28.
dxc6 Nc5 29. b4 Ne6 30. Red2 Bf8 31. Ne4 1-0

[Event "XLIV Festival A"]
[Site "Imperia ITA"]
[Date "2002.09.07"]
[Round "8"]
[White "Jurek, Josef"]
[Black "Payen, Arnaud"]
[WhiteElo "2357"]
[BlackElo "2359"]
[Result "1/2-1/2"]
[PlyCount "25"]
[EventDate "2002.09.01"]

1. c4 Nf6 2. Nc3 e6 3. d4 d5 4. Bg5 Nbd7 5. e3 c6 6. Nf3 Qa5 7. Nd2 Bb4 8. Qc2
O-O 9. Be2 e5 10. O-O exd4 11. exd4 dxc4 12. Bxf6 Nxf6 13. Nxc4 1/2-1/2

[Event "XLIV Festival A"]
[Site "Imperia ITA"]
[Date "2002.09.07"]
[Round "8"]
[White "Krouzel, Jaroslav"]
[Black "Pauwels, Rudi"]
[WhiteElo "2220"]
[BlackElo "2001"]
[Result "1/2-1/2"]
[PlyCount "25"]
[EventDate "2002.09.01"]

1. d4 e6 2. c4 d5 3. Nc3 c5 4. e3 Nf6 5. Nf3 Nc6 6. Be2 a6 7. a4 Bd6 8. O-O O-O
9. b3 Qb6 10. Ba3 Rd8 11. dxc5 Bxc5 12. Qc1 Nb4 13. Rd1 1/2-1/2

[Event "XLIV Festival A"]
[Site "Imperia ITA"]
[Date "2002.09.07"]
[Round "8"]
[White "Malano, Francesco"]
[Black "Diana, Riccardo"]
[WhiteElo "2062"]
[BlackElo "2134"]
[Result "1-0"]
[PlyCount "75"]
[EventDate "2002.09.01"]

1. d4 Nf6 2. Nf3 c5 3. d5 e6 4. c4 exd5 5. cxd5 d6 6. e4 g6 7. Nc3 Bg7 8. Bd3
O-O 9. O-O a6 10. a4 Nbd7 11. Bf4 Qc7 12. Qe2 Ng4 13. Nd2 Nde5 14. Nc4 Bd7 15.
h3 Nxc4 16. Bxc4 Ne5 17. Bg3 Rab8 18. a5 Rbe8 19. Rfe1 Kh8 20. f4 Nxc4 21. Qxc4
Bd4+ 22. Kh2 f6 23. b4 Bb5 24. Nxb5 axb5 25. Qxb5 Bxa1 26. Rxa1 c4 27. e5 fxe5
28. fxe5 dxe5 29. Re1 Qd6 30. Qxb7 Rb8 31. Qc6 Qxc6 32. dxc6 Rfe8 33. c7 Rbc8
34. Re4 Rxc7 35. Bxe5+ Rxe5 36. Rxe5 c3 37. Re1 Rb7 38. a6 1-0

[Event "XLIV Festival A"]
[Site "Imperia ITA"]
[Date "2002.09.07"]
[Round "8"]
[White "Poloch, Petr"]
[Black "Basso, Fabrice"]
[WhiteElo "2292"]
[BlackElo "2207"]
[Result "1/2-1/2"]
[PlyCount "37"]
[EventDate "2002.09.01"]

1. e4 c5 2. Nf3 d6 3. c3 Nf6 4. Be2 g6 5. O-O Bg7 6. Bb5+ Nbd7 7. Re1 a6 8. Bf1
O-O 9. d4 e5 10. dxe5 dxe5 11. a4 b6 12. Nbd2 Bb7 13. Qc2 Qc7 14. Nc4 Bc6 15.
b4 Rfc8 16. Qb1 cxb4 17. cxb4 Bxa4 18. Rxa4 b5 19. Ra3 1/2-1/2

[Event "XLIV Festival A"]
[Site "Imperia ITA"]
[Date "2002.09.07"]
[Round "8"]
[White "Riccio, Eros"]
[Black "Pienabarca, Nicola"]
[WhiteElo "2199"]
[BlackElo "2062"]
[Result "1-0"]
[PlyCount "95"]
[EventDate "2002.09.01"]

1. e4 e6 2. d4 d5 3. Nc3 Nf6 4. Bg5 Bb4 5. e5 h6 6. Bd2 Bxc3 7. bxc3 Ne4 8. Bd3
Nxd2 9. Qxd2 O-O 10. Nf3 c5 11. O-O Nc6 12. Rfe1 Qa5 13. dxc5 Qxc5 14. Nd4 f6
15. exf6 Rxf6 16. Qe3 Bd7 17. Rab1 Na5 18. Nb3 Nxb3 19. cxb3 Rc8 20. c4 b6 21.
Rbc1 Qxe3 22. Rxe3 dxc4 23. Rxc4 Rxc4 24. Bxc4 b5 25. Be2 Kf8 26. Rc3 Ke8 27.
Kf1 Kd8 28. Bd3 Rf4 29. g3 Rd4 30. Ke2 a6 31. f4 Rd6 32. Ke3 Rc6 33. Rxc6 Bxc6
34. Be4 Be8 35. Kd4 Kc7 36. Kc5 Bh5 37. Bd3 Bf3 38. a4 Bd5 39. axb5 axb5 40. b4
g5 41. fxg5 hxg5 42. Bxb5 Bf3 43. Bc4 Kd7 44. b5 Bb7 45. Kb6 Bf3 46. Kc5 Bb7
47. b6 Ke7 48. Bb5 1-0

[Event "XLIV Festival A"]
[Site "Imperia ITA"]
[Date "2002.09.07"]
[Round "8"]
[White "Vrana, Frantisek"]
[Black "De Wachter, Matthias"]
[WhiteElo "2359"]
[BlackElo "2247"]
[Result "1-0"]
[PlyCount "63"]
[EventDate "2002.09.01"]

1. e4 c5 2. Nf3 e6 3. d3 Nc6 4. g3 d5 5. Nbd2 Nge7 6. Bg2 g6 7. h4 h6 8. c3 Bg7
9. O-O O-O 10. Re1 d4 11. cxd4 cxd4 12. e5 Nd5 13. Nf1 Qc7 14. Qe2 b5 15. N1h2
Bb7 16. Ng4 Kh7 17. h5 gxh5 18. Qe4+ Kh8 19. Nxh6 Ne3 20. Ng5 f5 21. Qh4 Nxg2
22. Qxh5 Bxh6 23. Qxh6+ Kg8 24. Kxg2 Nd8+ 25. f3 Qg7 26. Qh5 Rc8 27. Rh1 Rc2+
28. Kf1 Bd5 29. Bf4 Nf7 30. Nh7 Nxe5 31. Bxe5 Qxe5 32. Nf6+ 1-0

[Event "XLIV Festival A"]
[Site "Imperia ITA"]
[Date "2002.09.08"]
[Round "9"]
[White "Campora Sivori, Daniel Hugo"]
[Black "Isonzo, David"]
[WhiteElo "2522"]
[BlackElo "2337"]
[Result "1/2-1/2"]
[PlyCount "60"]
[EventDate "2002.09.01"]

1. e4 c5 2. Nf3 d6 3. d4 cxd4 4. Qxd4 Nc6 5. Bb5 Bd7 6. Bxc6 Bxc6 7. c4 f5 8.
exf5 Qa5+ 9. Nbd2 Qxf5 10. O-O Nf6 11. Re1 Qd7 12. b3 e5 13. Ba3 Be7 14. Qb2
O-O 15. Rad1 Nh5 16. Re3 Nf4 17. Kh1 Nxg2 18. Kxg2 Qg4+ 19. Kf1 Bxf3 20. Nxf3
Rxf3 21. Rxf3 Qxf3 22. Qd2 Qh1+ 23. Ke2 Qxh2 24. Qd5+ Kh8 25. Qxb7 Rf8 26. Rf1
Qh5+ 27. f3 Qg6 28. Qxe7 Qc2+ 29. Ke1 Qc3+ 30. Ke2 Qc2+ 1/2-1/2

[Event "XLIV Festival A"]
[Site "Imperia ITA"]
[Date "2002.09.08"]
[Round "9"]
[White "Pesout, Jan"]
[Black "Basso, Fabrice"]
[WhiteElo "2277"]
[BlackElo "2207"]
[Result "1-0"]
[PlyCount "53"]
[EventDate "2002.09.01"]

1. d4 Nf6 2. c4 c5 3. Nf3 cxd4 4. Nxd4 e5 5. Nc2 d5 6. cxd5 Qxd5 7. Qxd5 Nxd5
8. e4 Nc7 9. Nc3 Be6 10. Be3 Nc6 11. O-O-O Rc8 12. Kb1 Be7 13. Nd5 O-O 14.
Nxe7+ Nxe7 15. Nb4 b6 16. Be2 f5 17. f3 Rfd8 18. Bg5 Re8 19. Rd6 f4 20. a3 Kf7
21. Bxe7 Kxe7 22. Rhd1 Bd5 23. Nxd5+ Kxd6 24. Nxb6+ Ke7 25. Rd7+ Kf6 26. Nxc8
Rxc8 27. Bc4 1-0

[Event "XLIV Festival A"]
[Site "Imperia ITA"]
[Date "2002.09.08"]
[Round "9"]
[White "Poesson, Thierry"]
[Black "Diana, Riccardo"]
[WhiteElo "2084"]
[BlackElo "2134"]
[Result "1/2-1/2"]
[PlyCount "26"]
[EventDate "2002.09.01"]

1. d4 Nf6 2. Nf3 d5 3. c4 c6 4. Nc3 dxc4 5. a4 Bf5 6. e3 e6 7. Bxc4 Bb4 8. O-O
Nbd7 9. Qe2 Bg6 10. Na2 Bd6 11. Nc3 Bb4 12. Na2 Bd6 13. Nc3 Bb4 1/2-1/2

[Event "XLIV Festival A"]
[Site "Imperia ITA"]
[Date "2002.09.08"]
[Round "9"]
[White "Riccio, Eros"]
[Black "Jasny, Stanislav"]
[WhiteElo "2199"]
[BlackElo "2290"]
[Result "1/2-1/2"]
[PlyCount "42"]
[EventDate "2002.09.01"]

1. e4 c5 2. Nf3 d6 3. d4 cxd4 4. Nxd4 Nf6 5. Nc3 a6 6. f4 e5 7. Nf3 Qc7 8. Bd3
Be7 9. O-O O-O 10. Kh1 Be6 11. Qe2 exf4 12. Bxf4 Nc6 13. Rae1 Ne5 14. Nd5 Bxd5
15. Bxe5 Be6 16. Bc3 Nd7 17. e5 d5 18. Nd4 Nc5 19. Nf5 Nxd3 20. Nxe7+ Qxe7 21.
cxd3 Qd7 1/2-1/2

[Event "I Open Magistrale"]
[Site "Taranto ITA"]
[Date "2002.08.29"]
[Round "1"]
[White "Cioara, Andrei Nestor"]
[Black "Ariete, Gerardo"]
[Result "1-0"]
[WhiteElo "2414"]
[BlackElo "2106"]
[PlyCount "79"]
[EventDate "2002.08.29"]

1. e4 c6 2. d4 d5 3. e5 Bf5 4. Nf3 g6 5. Be2 Bg7 6. O-O Nh6 7. h3 Qd7 8. Bf4 f6
9. Re1 O-O 10. Bf1 g5 11. Bg3 b5 12. Nbd2 a5 13. a4 bxa4 14. Rxa4 c5 15. c4
cxd4 16. Nxd4 fxe5 17. Bxe5 dxc4 18. Nxc4 Ra7 19. g4 Bg6 20. Bxg7 Kxg7 21. Ne6+
Kg8 22. Nxf8 Kxf8 23. Qxd7 Nxd7 24. Rxa5 Rxa5 25. Nxa5 Nf7 26. Nc6 e5 27. Bc4
Nd6 28. Be6 Nc5 29. Nxe5 Be8 30. Bd5 Na4 31. b3 Nc3 32. Bc6 Bxc6 33. Nxc6 Nde4
34. b4 Nd2 35. Re3 Nb5 36. Rd3 Ne4 37. Rd5 Nbc3 38. Re5 Kf7 39. b5 h6 40. b6
1-0

[Event "I Open Magistrale"]
[Site "Taranto ITA"]
[Date "2002.08.29"]
[Round "1"]
[White "Di Lascio, Savino"]
[Black "Martorelli, Antonio"]
[Result "0-1"]
[WhiteElo "1918"]
[BlackElo "2264"]
[PlyCount "116"]
[EventDate "2002.08.29"]

1. Nf3 Nf6 2. g3 g6 3. Bg2 Bg7 4. O-O O-O 5. d3 Nc6 6. e4 a5 7. a4 d5 8. exd5
Nxd5 9. Qe2 Bg4 10. h3 Nd4 11. Qd1 Nxf3+ 12. Bxf3 Bxh3 13. Re1 c6 14. Kh2 Bf5
15. Qe2 e5 16. Nd2 Nc7 17. Nc4 Ne6 18. Be3 Nd4 19. Bxd4 Qxd4 20. c3 Qxd3 21.
Qxd3 Bxd3 22. Nxe5 Bxe5 23. Rxe5 Rfe8 24. Rxe8+ Rxe8 25. b4 Kf8 26. b5 Be4 27.
Kg2 f5 28. bxc6 bxc6 29. Rd1 Bxf3+ 30. Kxf3 Re4 31. Rd8+ Ke7 32. Ra8 Rxa4 33.
Ra7+ Ke6 34. Rxh7 Rc4 35. Rg7 Rxc3+ 36. Ke2 Kf6 37. Ra7 Rc5 38. f4 g5 39. Ra6
gxf4 40. gxf4 Ke6 41. Ke3 Kd5 42. Kd3 Rb5 43. Ra8 Kc5 44. Kc3 Kb6 45. Rb8+ Kc7
46. Ra8 Kb7 47. Rh8 a4 48. Rh2 a3 49. Ra2 Ra5 50. Kc4 Kb6 51. Kb4 Ra8 52. Kb3
Kc5 53. Rc2+ Kd4 54. Ka2 c5 55. Re2 c4 56. Re7 Ra5 57. Rd7+ Ke4 58. Rc7 Ra4 0-1

[Event "I Open Magistrale"]
[Site "Taranto ITA"]
[Date "2002.08.29"]
[Round "1"]
[White "Fiore, Mario"]
[Black "Ferri, Stefano"]
[Result "1-0"]
[WhiteElo "2313"]
[BlackElo "2083"]
[PlyCount "99"]
[EventDate "2002.08.29"]

1. e4 c5 2. Nf3 e6 3. d3 Nc6 4. g3 g6 5. Bg5 Qc7 6. Bg2 Bg7 7. c3 Nge7 8. d4
cxd4 9. cxd4 Qa5+ 10. Bd2 Qa6 11. Bc3 d5 12. e5 b5 13. b4 Rb8 14. O-O h5 15. a3
Bd7 16. Nbd2 Nc8 17. Nb3 Nb6 18. Nc5 Qc8 19. Bd2 Nc4 20. Bg5 a5 21. Qb3 O-O 22.
Qc3 f6 23. exf6 Bxf6 24. Bxf6 Rxf6 25. Ng5 Kg7 26. f4 a4 27. Rae1 Ne7 28. Re2
Rb6 29. Bh3 Nf5 30. g4 hxg4 31. Bxg4 Rd6 32. Rf3 Qg8 33. Rh3 Bc8 34. Rh7+ Qxh7
35. Nxh7 Kxh7 36. Qh3+ Kg7 37. Bxf5 Rxf5 38. Qh4 Rf6 39. Nd3 Rd8 40. Ne5 Rh8
41. Qg3 Rh5 42. Rg2 Nd6 43. Nxg6 Nf5 44. Qg4 Ne3 45. Qxh5 Nxg2 46. Qh8+ Kxg6
47. Kxg2 Bd7 48. Qg8+ Kf5 49. Kf3 Bc6 50. Qg5# 1-0

[Event "I Open Magistrale"]
[Site "Taranto ITA"]
[Date "2002.08.29"]
[Round "1"]
[White "Laketic, Gojko"]
[Black "Sansonetti, Giorgio"]
[Result "1-0"]
[WhiteElo "2448"]
[BlackElo "2133"]
[PlyCount "63"]
[EventDate "2002.08.29"]

1. c4 Nf6 2. Nc3 e6 3. e4 c5 4. e5 Ng8 5. b4 cxb4 6. Ne4 f5 7. Nd6+ Bxd6 8.
exd6 Nf6 9. Bb2 Nc6 10. Nf3 O-O 11. Be2 Ne4 12. O-O Nxd6 13. a3 bxa3 14. Bxa3
Ne4 15. Bxf8 Qxf8 16. d4 b6 17. Qb3 Qf6 18. Qe3 Nb4 19. Qb3 Nc6 20. Rfd1 d6 21.
Rac1 Bb7 22. c5 Na5 23. Qa3 dxc5 24. dxc5 Bd5 25. cxb6 axb6 26. Qb4 Nb3 27. Rc7
Nbc5 28. Qxb6 Nc3 29. Qxc5 Nxe2+ 30. Kf1 Bxf3 31. gxf3 Nf4 32. Rc8+ 1-0

[Event "I Open Magistrale"]
[Site "Taranto ITA"]
[Date "2002.08.29"]
[Round "1"]
[White "Lamola, Giuseppe"]
[Black "Collutiis, Duilio"]
[Result "0-1"]
[WhiteElo "2049"]
[BlackElo "2308"]
[PlyCount "36"]
[EventDate "2002.08.29"]

1. Nf3 Nf6 2. d4 c5 3. c3 e6 4. Bg5 Qb6 5. Qc2 cxd4 6. Nbd2 dxc3 7. Qxc3 Nc6 8.
e3 Ne4 9. Qc2 Nxg5 10. Nxg5 Be7 11. Nge4 d5 12. Nc3 Bd7 13. a3 Rc8 14. Nf3 Bf6
15. Bd3 Ne7 16. O-O e5 17. e4 d4 18. Na4 Qa5 0-1

[Event "I Open Magistrale"]
[Site "Taranto ITA"]
[Date "2002.08.29"]
[Round "1"]
[White "Ljubisavljevic, Zivojin Z."]
[Black "Tommaselli, Giacomo"]
[Result "1-0"]
[WhiteElo "2275"]
[BlackElo "2045"]
[PlyCount "51"]
[EventDate "2002.08.29"]

1. b3 e5 2. Bb2 Nc6 3. e3 Nf6 4. Bb5 d6 5. d4 exd4 6. Bxc6+ bxc6 7. Qxd4 Bf5 8.
Nd2 c5 9. Qa4+ Qd7 10. Qxd7+ Nxd7 11. e4 Be6 12. f4 f5 13. c4 c6 14. Ngf3 Be7
15. Ng5 Bxg5 16. fxg5 O-O 17. O-O fxe4 18. Nxe4 d5 19. Nd6 Rab8 20. Rfe1 Bf7
21. Re7 Nb6 22. Rf1 Nc8 23. Rexf7 Rxf7 24. Nxf7 dxc4 25. Ne5 cxb3 26. Nd7 1-0

[Event "I Open Magistrale"]
[Site "Taranto ITA"]
[Date "2002.08.29"]
[Round "1"]
[White "Lorusso, Lucio"]
[Black "Indelicati, Giuseppe"]
[Result "1/2-1/2"]
[WhiteElo "1902"]
[BlackElo "2205"]
[PlyCount "120"]
[EventDate "2002.08.29"]

1. e4 e5 2. Nf3 Nc6 3. Bb5 a6 4. Bxc6 dxc6 5. O-O Bd6 6. d4 exd4 7. Qxd4 f6 8.
Re1 Ne7 9. e5 fxe5 10. Nxe5 O-O 11. Bg5 Be6 12. Nc3 Rf5 13. Qh4 Bxe5 14. Bxe7
Qe8 15. g4 Qg6 16. Kf1 Bc4+ 17. Kg1 Rf4 18. Bg5 Bxc3 19. Bxf4 Bxe1 20. Rxe1
Qxc2 21. Bxc7 Bd5 22. Bd8 Qg6 23. h3 h6 24. a3 Qd3 25. Re3 Qd1+ 26. Kh2 Qh1+
27. Kg3 Qg2+ 28. Kf4 g5+ 29. Bxg5 Rf8+ 30. Ke5 Qh2+ 31. Kd4 Qd6 32. Bxh6 Bf3+
33. Kc3 Qc5+ 34. Kd3 Qd5+ 35. Kc3 Qa5+ 36. Kc2 Qa4+ 37. Rb3 Be4+ 38. Kd2 Qd4+
39. Ke1 Rd8 40. Qg5+ Kh7 41. Rxb7+ Rd7 42. Rxd7+ Qxd7 43. Bf8 Bc2 44. Qe7+
Qxe7+ 45. Bxe7 Be4 46. Ke2 Kg6 47. Ke3 Bd5 48. Kf4 a5 49. h4 a4 50. Bc5 Bb3 51.
h5+ Kh6 52. Bf8+ Kh7 53. g5 Bd1 54. g6+ Kg8 55. g7 Bxh5 56. Ke5 Bf3 57. Kd6 Kf7
58. Kc5 Bd5 59. f4 Kg8 60. Kd4 Kf7 1/2-1/2

[Event "I Open Magistrale"]
[Site "Taranto ITA"]
[Date "2002.08.29"]
[Round "1"]
[White "Miezis, Normunds"]
[Black "Campanile, Roberto"]
[Result "1-0"]
[WhiteElo "2510"]
[BlackElo "2182"]
[PlyCount "81"]
[EventDate "2002.08.29"]

1. c4 g6 2. Nc3 Bg7 3. g3 d6 4. Bg2 e5 5. d3 Ne7 6. h4 h5 7. Nf3 c5 8. Ng5 Nbc6
9. Nge4 O-O 10. a3 a6 11. Rb1 Kh8 12. O-O f5 13. Ng5 f4 14. e3 Bg4 15. f3 Bc8
16. exf4 Nf5 17. Ne2 Ncd4 18. Ne4 Bh6 19. Nxd4 cxd4 20. fxe5 Be3+ 21. Bxe3 Nxe3
22. Qd2 dxe5 23. Rfe1 Kg7 24. c5 Be6 25. b4 Qd7 26. Rbc1 Bd5 27. Ng5 Rae8 28.
Kh2 Qa4 29. Qb2 Qc6 30. Rxe3 dxe3 31. Re1 Qa4 32. Rxe3 Qb3 33. Qxb3 Bxb3 34. d4
exd4 35. Rxb3 Re3 36. Rxe3 dxe3 37. Kg1 Re8 38. Kf1 e2+ 39. Ke1 Re3 40. f4 Rxa3
41. Bxb7 1-0

[Event "I Open Magistrale"]
[Site "Taranto ITA"]
[Date "2002.08.29"]
[Round "1"]
[White "Patavia, Antonio"]
[Black "Mrdja, Milan"]
[Result "1/2-1/2"]
[WhiteElo "2099"]
[BlackElo "2370"]
[PlyCount "76"]
[EventDate "2002.08.29"]

1. e4 d6 2. d4 Nf6 3. Nc3 e5 4. Nf3 Nbd7 5. Bg5 c6 6. Qd2 Be7 7. O-O-O b5 8.
Bd3 O-O 9. h3 a5 10. Ne2 Qc7 11. Ng3 Nb6 12. Rhe1 Re8 13. Nf5 Bxf5 14. exf5
exd4 15. Nxd4 d5 16. Qf4 Bd6 17. Qh4 Nbd7 18. g4 Bf4+ 19. Kb1 Bxg5 20. Qxg5 b4
21. Qh4 Qb6 22. g5 Rxe1 23. Rxe1 Ne4 24. g6 hxg6 25. fxg6 fxg6 26. Rxe4 dxe4
27. Bc4+ Kf8 28. Ne6+ Ke8 29. Nxg7+ Kf8 30. Qh8+ Ke7 31. Qxa8 Qxf2 32. Qe8+ Kd6
33. Qe6+ Kc7 34. Ne8+ Kb6 35. a3 bxa3 36. bxa3 Qe1+ 37. Ka2 Nc5 38. Qg8 Qf2
1/2-1/2

[Event "I Open Magistrale"]
[Site "Taranto ITA"]
[Date "2002.08.29"]
[Round "1"]
[White "Ramondino, Renzo"]
[Black "Drazic, Sinisa"]
[Result "0-1"]
[WhiteElo "2164"]
[BlackElo "2486"]
[PlyCount "80"]
[EventDate "2002.08.29"]

1. e4 c6 2. d4 d5 3. Nd2 Qb6 4. c3 g6 5. Bd3 Bg7 6. h3 dxe4 7. Nxe4 Bf5 8. Qe2
Bxe4 9. Bxe4 Nf6 10. Bd3 Nbd7 11. Nf3 O-O 12. O-O e6 13. Bf4 Rfe8 14. Ne5 Nxe5
15. dxe5 Nd5 16. Bg3 Bh6 17. Bc4 Rad8 18. Kh1 Rd7 19. Rad1 Qd8 20. f4 Bxf4 21.
Bxf4 Nxf4 22. Rxd7 Nxe2 23. Rfxf7 Ng3+ 24. Kh2 Qh4 25. Rg7+ Kh8 26. Rxh7+ Qxh7
27. Rxh7+ Kxh7 28. Kxg3 Kg7 29. Kf4 Rf8+ 30. Ke4 Kf7 31. h4 Ke7 32. Ke3 Rf5 33.
Bd3 Rxe5+ 34. Kf4 Rh5 35. Bxg6 Rxh4+ 36. Kg5 Rh2 37. Be4 Kd6 38. Kf6 Rh4 39.
Bf3 Rf4+ 40. Kg5 e5 0-1

[Event "I Open Magistrale"]
[Site "Taranto ITA"]
[Date "2002.08.29"]
[Round "1"]
[White "Rizzo, Giovanbattista"]
[Black "Dragojlovic, Andjelko"]
[Result "0-1"]
[WhiteElo "2088"]
[BlackElo "2351"]
[PlyCount "120"]
[EventDate "2002.08.29"]

1. d4 Nf6 2. c4 g6 3. Nc3 d5 4. cxd5 Nxd5 5. e4 Nxc3 6. bxc3 Bg7 7. Bc4 c5 8.
Ne2 Nc6 9. Be3 O-O 10. Rc1 e6 11. h4 a6 12. e5 b5 13. Bd3 Bb7 14. f3 Ne7 15.
Qd2 Qa5 16. h5 cxd4 17. cxd4 Qxd2+ 18. Kxd2 Rfc8 19. hxg6 hxg6 20. Ng3 Nd5 21.
Bg5 Rxc1 22. Rxc1 Rc8 23. Rxc8+ Bxc8 24. Ne4 Bf8 25. Nf6+ Nxf6 26. Bxf6 Bb7 27.
Bg5 Bd5 28. Bb1 Ba3 29. Kd1 Bb2 30. Be3 Kf8 31. Kc2 Ba3 32. Kc3 Ke8 33. Kd3 Kd7
34. Bd2 Kc6 35. Ke2 Kb6 36. g4 a5 37. f4 a4 38. Ke3 Bf8 39. Bc3 b4 40. Bb2 Be7
41. g5 a3 42. Ba1 Bd8 43. Kd3 Kb5 44. Ke3 Ba5 45. Bd3+ Kb6 46. Bb1 b3 47. axb3
Bxb3 48. Bd3 Bb4 49. Be2 Ka5 50. Kd3 Ka4 51. Bf3 Kb5 52. Bg4 Bc4+ 53. Kc2 Ka4
54. Bf3 Bd5 55. Bxd5 exd5 56. Bc3 Be7 57. Ba1 Kb4 58. Kd3 Kb3 59. Bc3 Bf8 60.
Bd2 a2 0-1

[Event "I Open Magistrale"]
[Site "Taranto ITA"]
[Date "2002.08.29"]
[Round "1"]
[White "Shytaj, Carlo"]
[Black "Popchev, Milko"]
[Result "0-1"]
[WhiteElo "2112"]
[BlackElo "2419"]
[PlyCount "118"]
[EventDate "2002.08.29"]

1. e4 b6 2. d4 Bb7 3. Bd3 e6 4. Nf3 Nf6 5. Qe2 Be7 6. O-O c5 7. c3 Nc6 8. a3 d5
9. e5 Nd7 10. Bf4 Nf8 11. Nbd2 g5 12. Be3 Ng6 13. Rfd1 h5 14. Nf1 g4 15. Ne1
Qd7 16. f4 Nh4 17. Ng3 c4 18. Bc2 Nf5 19. Nxf5 exf5 20. b3 cxb3 21. Bxb3 Na5
22. Bc2 Bc6 23. Rdb1 Qc8 24. Nd3 Nc4 25. Nb4 Bb7 26. Ba4+ Kf8 27. Bb5 Rh6 28.
Bc1 a6 29. Bxc4 dxc4 30. a4 h4 31. Ba3 h3 32. g3 Kg8 33. Nc2 Bxa3 34. Rxa3 Qc6
35. Kf2 Qg2+ 36. Ke3 Be4 37. Ra2 b5 38. a5 Kf8 39. Qf2 Bd3 40. Rg1 Qe4+ 41. Kd2
Bxc2 42. Rxc2 Rd8 43. Qe3 Qc6 44. Rb2 Ke7 45. Qe2 Rxd4+ 46. cxd4 c3+ 47. Kc2
cxb2+ 48. Kxb2 Qd5 49. Qd2 Rc6 50. Rc1 Rxc1 51. Kxc1 Qc4+ 52. Kb2 Ke6 53. Qd1
Qb4+ 54. Kc1 Qc3+ 55. Kb1 Kd5 56. Qh1+ Qf3 57. Qc1 Qb3+ 58. Ka1 Qa4+ 59. Kb1
Qb4+ 0-1

[Event "I Open Magistrale"]
[Site "Taranto ITA"]
[Date "2002.08.29"]
[Round "1"]
[White "Shytaj, Luca"]
[Black "Lanzillotta, Angelo"]
[Result "1/2-1/2"]
[WhiteElo "2216"]
[BlackElo "1909"]
[PlyCount "83"]
[EventDate "2002.08.29"]

1. e4 c5 2. Nf3 Nc6 3. d4 cxd4 4. Nxd4 g6 5. c4 Nf6 6. Nc3 d6 7. Be2 Nxd4 8.
Qxd4 Bg7 9. Qd1 Be6 10. Be3 O-O 11. Rc1 Qa5 12. O-O Rfc8 13. b3 a6 14. Qd2 b5
15. f4 bxc4 16. f5 gxf5 17. exf5 Bxf5 18. Bxc4 Bg6 19. Nd5 Qxd2 20. Nxe7+ Kf8
21. Nxg6+ hxg6 22. Bxd2 d5 23. Bd3 Ng4 24. Rxc8+ Rxc8 25. Rf4 f5 26. h3 Nf6 27.
g4 Bh6 28. Rxf5 gxf5 29. Bxh6+ Kf7 30. Bxf5 Rc3 31. g5 Nh5 32. Kf2 d4 33. h4
Nf4 34. Bg4 Kg6 35. Bf8 Rc2+ 36. Kf3 Ng2 37. Kg3 Ne3 38. Bf3 Kf5 39. Bh5 Nf1+
40. Kf3 Nh2+ 41. Kg3 Nf1+ 42. Kf3 1/2-1/2

[Event "I Open Magistrale"]
[Site "Taranto ITA"]
[Date "2002.08.29"]
[Round "1"]
[White "Voiska, Margarita"]
[Black "Sautto, Daniele"]
[Result "1-0"]
[WhiteElo "2356"]
[BlackElo "2097"]
[PlyCount "87"]
[EventDate "2002.08.29"]

1. c4 e6 2. Nc3 d5 3. d4 Nf6 4. Nf3 Be7 5. Bf4 O-O 6. e3 c6 7. h3 Nbd7 8. c5 b6
9. b4 a5 10. a3 Ne4 11. Nxe4 dxe4 12. Ne5 Nxe5 13. Bxe5 axb4 14. axb4 Rxa1 15.
Qxa1 Qd5 16. Be2 f6 17. Bc7 bxc5 18. bxc5 e5 19. dxe5 Bxc5 20. O-O Qf7 21. Qa5
Be7 22. exf6 Bxf6 23. Bd6 Rd8 24. Qc5 Kh8 25. Bg3 Qd5 26. Rc1 Qxc5 27. Rxc5 Bd7
28. Rc4 Re8 29. Bd1 Ra8 30. Bg4 Ra1+ 31. Kh2 Be8 32. Rxe4 Bf7 33. Be5 Bxe5+ 34.
Rxe5 Rc1 35. Re7 Kg8 36. e4 Kf8 37. Rc7 c5 38. e5 c4 39. e6 Be8 40. Bf3 c3 41.
Be4 h6 42. h4 Ba4 43. Bg6 Re1 44. Rf7+ 1-0

[Event "I Open Magistrale"]
[Site "Taranto ITA"]
[Date "2002.08.30"]
[Round "2"]
[White "Campanile, Roberto"]
[Black "Rizzo, Giovanbattista"]
[Result "1-0"]
[WhiteElo "2182"]
[BlackElo "2088"]
[PlyCount "77"]
[EventDate "2002.08.29"]

1. d4 Nf6 2. c4 e6 3. Nc3 Bb4 4. Qc2 c5 5. dxc5 Na6 6. a3 Bxc3+ 7. Qxc3 Nxc5 8.
f3 d6 9. b4 Na4 10. Qb3 Bd7 11. e4 h6 12. Be3 Qc7 13. Rc1 O-O 14. Bd3 Rfc8 15.
Ne2 e5 16. O-O Qd8 17. Rfd1 Nb6 18. Nc3 Be6 19. Nd5 Nbxd5 20. exd5 Bd7 21. c5
Qe8 22. Re1 Ba4 23. Qa2 Qd8 24. Bc4 a5 25. Qd2 axb4 26. axb4 Qd7 27. Qd3 Rd8
28. cxd6 Qxd6 29. Bc5 Qb8 30. Be7 Qa7+ 31. Kh1 b5 32. Bxd8 bxc4 33. Qxc4 Rxd8
34. Rxe5 Qb7 35. d6 Rxd6 36. b5 Qa7 37. h3 Rd4 38. Qc8+ Kh7 39. Qf5+ 1-0

[Event "I Open Magistrale"]
[Site "Taranto ITA"]
[Date "2002.08.30"]
[Round "2"]
[White "Collutiis, Duilio"]
[Black "Laketic, Gojko"]
[Result "1/2-1/2"]
[WhiteElo "2308"]
[BlackElo "2448"]
[PlyCount "25"]
[EventDate "2002.08.29"]

1. e4 e5 2. Nf3 Nf6 3. Nxe5 d6 4. Nf3 Nxe4 5. Qe2 Qe7 6. d3 Nf6 7. Bg5 Qxe2+ 8.
Bxe2 Be7 9. Nc3 c6 10. O-O-O Na6 11. h3 Nc7 12. Rhe1 Ne6 13. Bh4 1/2-1/2